000 01093nam a22003137a 4500
003 OSt
005 20241114164418.0
008 241114b ||||| |||| 00| 0 eng d
040 _cAIMIT LIBRARY
245 _aIgniting the future :
_bleadership through Jesuit education.
_cEdited and Compiled by Rev. Dr. John Kennedy SJ.
260 _aNew Delhi ,
_bFr. John Ravi SJ,SA Conference Secretary for secondary education.
_c2024.
300 _axvi,184.
_bPB
_c21.6
650 _aJesuit School Education.
_9185436
650 _aValues in Jesuit Education.
_9185437
650 _aSoft Skills for school leaders.
_9185438
700 _aMascarenhas, Frazer.
_9185439
700 _aNedumattam, George.
_9185440
700 _aXavier, Francis P.
_9185441
700 _aCotha, Kiran.
_9185442
700 _aKuruvialla.
_9185443
700 _aJohn, Ravi
_9185444
700 _aMenezes, Norbert.
_9185445
700 _aVani.
_9185446
700 _aVeigas, Olvin.
_9185447
700 _aJerome, Henry.
_9185448
700 _aSagar, Ravi.
_9185449
700 _aCyril, A.
_9185450
942 _2ddc
_cBK
999 _c231922
_d231922